000
00313nam a2200109Ia 4500
008
220204s9999 xx 000 0 und d
082
_a
006.045
_b
VIR.3
100
_a
Virendra Kumar
245
0
_a
Committees and commissions in India. V II and III. 1955-57 and 1947-73
260
_a
Delhi
_b
Concept
_c
1973
942
_c
BK
999
_c
29128
_d
29128